Arenas movedizas : (Record no. 4370)

MARC details
000 -CABECERA
campo de control de longitud fija 00590nam a2200217 a 4500
005 - FECHA Y HORA DE LA ÚLTIMA TRANSACCIÓN
campo de control 20230602063532.0
008 - ELEMENTOS DE LONGITUD FIJA--INFORMACIÓN GENERAL
campo de control de longitud fija 991125s1994 mx 000 0 spa u
020 ## - NÚMERO INTERNACIONAL NORMALIZADO PARA LIBROS
Número Internacional Estándar del Libro 9683910629
035 ## - NÚMERO DE CONTROL DEL SISTEMA
Número de control de sistema UPN01000004370
049 ## - COLECCIÓN
Colección F
050 #4 - SIGNATURA TOPOGRÁFICA DE LA BIBLIOTECA DEL CONGRESO
Número de clasificación PQ7297 P285
Número de documento/Ítem A73
100 1# - ASIENTO PRINCIPAL--NOMBRE PERSONAL
Nombre de persona Paz, Octavio,
Fechas asociadas al nombre 1914-1998
245 10 - MENCIÓN DE TÍTULO
Título Arenas movedizas :
Resto del título cuentos ;
Mención de responsabilidad, etc. Octavio Paz.
260 ## - PUBLICACIÓN, DISTRIBUCIÓN, ETC.
Lugar de publicación, distribución, etc. México :
Nombre del editor, distribuidor, etc. Alianza,
Fecha de publicación, distribución, etc. [1994?].
300 ## - DESCRIPCIÓN FÍSICA
Extensión 94 p.
440 #0 - MENCIÓN DE SERIE/ASIENTO SECUNDARIO--TÍTULO
Título Alianza cien
650 #4 - ASIENTO SECUNDARIO DE MATERIA - TERMINO TEMATICO
Término de materia o nombre geográfico como elemento de entrada Cuentos mexicanos
9 (RLIN) 6937
650 #2 - ASIENTO SECUNDARIO DE MATERIA - TERMINO TEMATICO
Término de materia o nombre geográfico como elemento de entrada Teatro mexicano
9 (RLIN) 10342
740 3# - ASIENTO SECUNDARIO - TÍTULOS RELACIONADOS /ANALITICOS NO CONTROLADOS
Título relacionado o analítico no controlado La hija de Rappaccini : teatro
905 ## - TIPO DE MATERIAL
Tipo de material Libro
Holdings
Estado de retiro Estado de pérdida Fuente del sistema de clasificación o colocación Estado dañado No para préstamo Código de colección Localización permanente Ubicación/localización actual Ubicación en estantería Fecha de adquisición Clasificación Código de barras Fecha visto por última vez Número de copia Tipo de ítem Koha
    Library of Congress Classification   Disponible (Préstamo en sala) Folletería Bib. Gregorio Torres Quintero Bib. Gregorio Torres Quintero Colecciones especiales Planta alta 04/05/2023 PQ7297 P285 A73 139742 31/12/2020 1 Folleto